LOSC ou RC Lens ? - Statistiques

Statistiques générales
  • Ce quiz a été pris 1 544 fois
    261 depuis la dernière actualisation
  • Le résultat moyen est 10 sur 17
Statistiques - réponses
Question Réponse % Correct
A remporté le plus de Ligue 1 LOSC
92%
A un surnom faisant références à ses couleurs RC Lens
88%
A remporté le plus de derby du Nord LOSC
84%
Joue dans un stade de 50 000 place ou plus LOSC
82%
A été fondé en premier RC Lens
72%
Joue la saison 2014-2015 au stade de la Licorne RC Lens
68%
A remporté un match dans le stade de San Siro LOSC
64%
A un entraîneur français Les deux
62%
A une section féminine de football dans les 2 premières divisions française Les deux
59%
Éric Abidal a joué dans ce club LOSC
58%
A participé au moins une fois à un huitième de finale de Ligue des Champions LOSC
56%
Loïc Rémy a joué dans ce club Les deux
44%
Au moins un des frères Hazard a joué dans ce club Les deux
44%
Un champion du monde 2018 a été formé dans ce club Les deux
41%
A remporté la coupe Intertoto Les deux
32%
A remporté la Coupe de la Ligue RC Lens
31%
A affronté le Bayern Munich en Ligue des Champions Les deux
25%
Aucun quiz correspondant
Distribution des résultats
% des personnes avec chaque résultat
Percentile par nombre de réponses
Votre historique - résultats
Vous n’avez pas pris ce quiz depuis la dernière actualisation